|
|
|
|
| LEADER |
00996nam a2200277 a 4500 |
| 001 |
409 |
| 003 |
BD-DhAAL |
| 005 |
20150311095148.0 |
| 008 |
150311s1993 nyua b 001 0 eng |
| 010 |
|
|
|a 93018663
|
| 020 |
|
|
|a 0070400105 (alk. paper)
|
| 040 |
|
|
|a DLC
|c DLC
|d DLC
|d BD-DhAAL
|
| 050 |
0 |
0 |
|a TS155
|b .M33325 1993
|
| 082 |
0 |
0 |
|a 620/.0042
|2 20
|
| 100 |
1 |
|
|a Mansfield, Scott,
|d 1941-
|9 9347
|
| 245 |
1 |
0 |
|a Engineering design for process facilities /
|c Scott Mansfield.
|
| 260 |
|
|
|a New York :
|b McGraw-Hill,
|c c1993.
|
| 300 |
|
|
|a xii, 369 p. :
|b ill. ;
|c 29 cm.
|
| 504 |
|
|
|a Includes bibliographical references (p. 265) and index.
|
| 541 |
|
|
|e 409
|
| 650 |
|
0 |
|a Production management.
|9 9348
|
| 650 |
|
0 |
|a Engineering design.
|9 9349
|
| 650 |
|
0 |
|a Industrial engineering.
|9 9350
|
| 942 |
|
|
|2 ddc
|c BK
|
| 999 |
|
|
|c 33964
|d 33964
|
| 952 |
|
|
|0 0
|1 0
|2 ddc
|4 0
|6 620_004200000000000_MAN
|7 0
|9 53009
|a SCL
|b SCL
|c GEN
|d 2015-03-11
|e Gift: The Asia Foundation
|l 0
|o 620.0042 MAN
|p 3020000409
|r 2015-03-11
|t 1
|w 2015-03-11
|y BK
|